Región s najstarším kráľovským mestom

Stručná charakteristika Trnavského vyššieho územného samosprávneho celku. Prírodné podmienky. Administratívny vývoj. Hospodárstvo. Rozvojové príležitosti.

Gespeichert in:
Bibliographische Detailangaben
1. Verfasser: Rajčák, Milan
Format: Buchkapitel
Sprache:Slowakisch
Schlagworte:
Tags: Tag hinzufügen
Keine Tags, Fügen Sie das erste Tag hinzu!

MARC

LEADER 00000naa a2200000 4500
001 r041856
005 20230927092631.2
041 0 |a slo 
044 |a SK 
245 1 0 |a Región s najstarším kráľovským mestom  |c Milan Rajčák 
520 |a Stručná charakteristika Trnavského vyššieho územného samosprávneho celku. Prírodné podmienky. Administratívny vývoj. Hospodárstvo. Rozvojové príležitosti. 
610 2 0 |a členenie územné administratívne 
610 2 0 |a vyššie územné celky 
610 2 0 |a regióny 
610 2 0 |a samospráva 
610 2 0 |a kompetencie 
610 2 0 |a vývoj hospodársky 
610 2 0 |a správa verejná 
100 1 |a Rajčák, Milan